Dans l'entremonde

Gorde:
Xehetasun bibliografikoak
Egile nagusia: Klee, Paul (autor)
Formatua: Liburua
Hizkuntza:frantsesa
Argitaratua: París Delpiré 1957
Gaiak:
Etiketak: Etiketa erantsi
Etiketarik gabe, Izan zaitez lehena erregistro honi etiketa jartzen!

MARC

LEADER 00000nam a2200000 a 4500
001 UCU9181
003 CL-VaPUC
008 960809e19570000FR |||||||||||||||||fre|d
082 0 4 |a 759.06  |b KLE  |2 21 
100 |a Klee, Paul  |e autor  |9 859279 
245 1 0 |a Dans l'entremonde 
300 |a 29 p 
942 |c BK 
945 |d 19960809 00:00:00  |a rleighto 
260 |a París  |b Delpiré  |c 1957 
650 7 |a PINTURA ALEMANA  |2 CL-VaPUC  |9 319202 
650 7 |a PINTORES ALEMANES  |2 CL-VaPUC  |9 341248 
650 0 |a Obras de arte  |9 337253 
650 0 |a Bellas artes  |9 334299 
650 0 |a Artistas   |9 262026 
583 |a last modification  |c 20111007 11:41:19  |k Rodrigo Vera 
999 |c 251049  |d 251047 
952 |0 0  |1 0  |4 0  |6 759_060000000000000_KLE_1957  |7 0  |8 F  |9 269982  |a BIBARQ  |b BIBARQ  |d 2019-11-19  |i 3217094  |l 10  |m 2  |o 759.06 KLE 1957  |p 3217094  |r 2025-01-20  |s 2024-08-13  |w 2019-11-19  |y BK_F  |k ARQ